000 00812nas a2200277 4500
001 BR9205969
003 BR-BrBNA
005 20231205095000.0
007 ta
008 230509b bl.|||p| |||| 00| 00por d
040 _aBR-BrBNA
_bpor
_cBiblioteca Nacional de Agricultura
041 _a(Pt)
072 _aL73
100 1 _aGuimaraes, I.G.
100 1 _aPimentel, M.A.
100 1 _aDoretto Junior, L.
100 1 _aFayad, H.Y.T.
245 1 _aPasteurelose aviaria. 1. Pasteurella anatipestifer descricao de um surto em aves
650 _aAve Domestica
650 _aPasteurelose
650 _aDiagnostico
650 _aControle Quimico
773 0 _tSemina (Brazil)
_xISSN 0101-3742
_g(Mar 1990), v. 11(1) p. 39-44
_wBR9205969
909 _a202311
_bLúcia
_c55
_dLúcia Elande
942 _2AGRIS
_n0
_cANA
999 _c148081
_d148081